Rául Cardenal Silva Henríquez: aventura de una fe
Gorde:
| Erakunde egilea: | |
|---|---|
| Formatua: | Liburua |
| Hizkuntza: | gaztelania |
| Argitaratua: |
Santiago
Academia de Humanismo Cristiano
1984
|
| Gaiak: | |
| Etiketak: |
Etiketa erantsi
Etiketarik gabe, Izan zaitez lehena erregistro honi etiketa jartzen!
|
MARC
| LEADER | 00000cam a2200000 a 4500 | ||
|---|---|---|---|
| 001 | UCF6460 | ||
| 003 | CL-VaPUC | ||
| 008 | 130425e19840000CL |||||||||||||||||spa|d | ||
| 082 | 0 | 4 | |a 922.283 |b ACA |2 21 |
| 110 | 2 | |a Academia de Humanismo Cristiano |e author |9 568438 | |
| 245 | 1 | 0 | |a Rául Cardenal Silva Henríquez: aventura de una fe |
| 300 | |a 103 p | ||
| 942 | |c BK | ||
| 945 | |d 20130425 00:00:00 |a dcastane | ||
| 260 | |a Santiago |b Academia de Humanismo Cristiano |c 1984 | ||
| 600 | 0 | |a Silva Henríquez, Raúl |9 257779 | |
| 650 | 0 | |a Biografías |9 255210 | |
| 650 | 7 | |a RELIGIOSOS |2 CL-VaPUC |9 352012 | |
| 650 | 7 | |a CARDENALES CHILENOS |2 CL-VaPUC |9 516594 | |
| 583 | |a last modification |c 20130425 11:23:00 |k Rodrigo Vera | ||
| 999 | |c 351647 |d 351645 | ||
| 952 | |0 0 |1 0 |4 0 |6 922_283000000000000_ACA_1984 |7 0 |8 X |9 455871 |a BIBTEO |b BIBTEO |d 2019-11-22 |i 4967682 |o 922.283 ACA 1984 |p 4967682 |r 2025-01-17 |w 2019-11-22 |y BK_X |k ICR | ||